Giro d'Italia Winners (1909-2025) - Statistics

General Stats
  • This quiz has been taken 1,104 times
    207 since last reset
  • The average score is 45 of 107
Answer Stats
Year Country Name % Correct
2024 Slovenia Tadej Pogačar
98%
2018 Great Britain Chris Froome
92%
2023 Slovenia Primož Roglič
91%
2025 Great Britain Simon Yates
90%
2013 | 2016 Italy Vincenzo Nibali
89%
2008 | 2015 Spain Alberto Contador
88%
2021 Colombia Egan Bernal
88%
2019 Ecuador Richard Carapaz
82%
2014 Colombia Nairo Quintana
77%
1968 | 1970 | 1972 | +2 others Belgium Eddy Merckx
76%
1998 Italy Marco Pantani
74%
2017 Netherlands Tom Dumoulin
73%
2020 Great Britain Tao Geoghegan Hart
72%
1980 | 1982 | 1985 France Bernard Hinault
70%
1992 | 1993 Spain Miguel Indurain
70%
2022 Australia Jai Hindley
69%
1940 | 1947 | 1949 | +2 others Italy Fausto Coppi
64%
1987 Ireland Stephen Roche
59%
2006 | 2010 Italy Ivan Basso
58%
1960 | 1964 France Jacques Anquetil
55%
1989 France Laurent Fignon
55%
1936 | 1937 | 1946 Italy Gino Bartali
54%
2012 Canada Ryder Hesjedal
53%
2009 Russia Denis Menchov
51%
2011 Italy Michele Scarponi
46%
2004 Italy Damiano Cunego
45%
1967 | 1969 | 1976 Italy Felice Gimondi
42%
1995 Switzerland Tony Rominger
42%
1956 | 1959 Luxembourg Charly Gaul
41%
2007 Italy Danilo Di Luca
38%
1984 Italy Francesco Moser
38%
2001 | 2003 Italy Gilberto Simoni
38%
2002 | 2005 Italy Paolo Savoldelli
35%
1925 | 1927 | 1928 | +2 others Italy Alfredo Binda
34%
1990 Italy Gianni Bugno
34%
1950 Switzerland Hugo Koblet
34%
2000 Italy Stefano Garzelli
32%
1979 | 1983 Italy Giuseppe Saronni
31%
1997 | 1999 Italy Ivan Gotti
29%
1988 United States Andrew Hampsten
28%
1994 Russia Evgenij Berzin
28%
1919 | 1923 Italy Costante Girardengo
27%
1957 Italy Gastone Nencini
27%
1996 Russia Pavel Tonkov
27%
1948 | 1951 | 1955 Italy Fiorenzo Magni
26%
1909 Italy Luigi Ganna
26%
1971 Sweden Gösta Pettersson
22%
1986 Italy Roberto Visentini
19%
1991 Italy Franco Chioccioli
18%
1965 Italy Vittorio Adorni
18%
1981 Italy Giovanni Battaglin
17%
1934 Italy Learco Guerra
17%
1977 Belgium Michel Pollentier
16%
1978 Belgium Johan De Muynck
15%
1962 | 1963 Italy Franco Balmamion
14%
1954 Switzerland Carlo Clerici
12%
1910 | 1911 Italy Carlo Galetti
12%
1958 Italy Ercole Baldini
12%
1966 Italy Gianni Motta
12%
1961 Italy Arnaldo Pambianco
11%
1975 Italy Fausto Bertoglio
11%
1921 | 1922 | 1926 Italy Giovanni Brunero
11%
1938 | 1939 Italy Giovanni Valetti
10%
1914 Italy Alfonso Calzolari
9%
1920 Italy Gaetano Belloni
9%
1930 Italy Luigi Marchisio
9%
1913 Italy Carlo Oriani
8%
1924 Italy Giuseppe Enrici
8%
1932 Italy Antonio Pesenti
7%
1931 Italy Francesco Camusso
7%
1935 Italy Vasco Bergamaschi
7%
No matching quizzes found
Score Distribution
Percent of People with Each Score
Percentile by Number Answered
Your Score History
You have not taken this quiz since the last reset